000 01090cam a2200229 4500
001 ABS63309
008 000000n2001 000 0 eng u
035 _a(Sirsi) u110298
100 _aBoyle, S
245 4 _aThe green century
260 _c2001
490 _aBuilding
_v(8167) 5 January 2001, 30-34(5)
520 _aDiscusses how after the failure of talks at The Hague, the EU looks set to take the lead on climate change as emphasised by the French and German environment ministers. The article looks at moves to cut European greenhouse gas emissions with emphasis on energy efficiency within the construction industry. The article provides a list of the legislation, taxes and other initiatives that will assist in making construction a greener industry and looks at the use of carbon permits.
590 _aABS
650 _aCONSTRUCTION INDUSTRY
650 _aSustainability
_96271
650 _aGREENHOUSE GASES
650 _aEUROPEAN UNION
650 _aCARBON DIOXIDE EMISSIONS
690 _aENVIRONMENTAL AND LAND CONSULTANCY-ENVIRONMENTAL MANAGEMENT
942 _n0
999 _c65774
_d65774